BIBLIOTECA “JULIO CORTÁZAR”
ESCUELA AGROTÉCNICA “LIBERTADOR GENERAL SAN MARTÍN” - UNR – CASILDA

Logo Escuela Logo UNR

Las bacterias sean unidas : Una introducción a la ecología de los ríos urbanos (Record no. 3299)

MARC details
000 -LEADER
campo de control de longitud fija 00807nam#a22002775ar4500
001 - NÚMERO DE CONTROL
campo de control 3299
003 - IDENTIFICADOR DE NÚMERO DE CONTROL
campo de control AR-ClEAG
005 - FECHA Y HORA DE LA ÚLTIMA TRANSACCIÓN
campo de control 20251104122152.0
008 - DATOS DE LONGITUD FIJA--INFORMACIÓN GENERAL
campo de control de longitud fija 251104s1973####mx#abced#####||01#||spa||
040 ## - FUENTE DE CATALOGACIÓN
Centro catalogador/agencia de origen AR-ClEAG
Centro/agencia transcriptor AR-ClEAG
080 ## - NÚMERO DE LA CLASIFICACIÓN DECIMAL UNIVERSAL
Número de la Clasificación Decimal Universal 504.4
084 ## - OTRO NÚMERO DE CLASIFICACIÓN
Número de clasificación K88
100 1# - ENTRADA PRINCIPAL--NOMBRE DE PERSONA
Nombre de persona Kuczynski, David
9 (RLIN) 38
245 10 - MENCIÓN DEL TÍTULO
Título Las bacterias sean unidas : Una introducción a la ecología de los ríos urbanos
Resto del título Medio Ambiente /
Mención de responsabilidad, etc. David Kuczynski-.
250 ## - MENCION DE EDICION
Mención de edición 1ª ed.
260 ## - PUBLICACIÓN, DISTRIBUCIÓN, ETC.
Lugar de publicación, distribución, etc. Ituzaingó :
Nombre del editor, distribuidor, etc. Maipué,
Fecha de publicación, distribución, etc. 2017.
300 ## - DESCRIPCIÓN FÍSICA
Extensión 120 p. :
Otras características físicas il., fot ;
Dimensiones 17 cm.
653 ## - TÉRMINO DE INDIZACIÓN--NO CONTROLADO
Término no controlado Ecología
653 ## - TÉRMINO DE INDIZACIÓN--NO CONTROLADO
Término no controlado Bacterias
653 ## - TÉRMINO DE INDIZACIÓN--NO CONTROLADO
Término no controlado ríos urbanos
653 ## - TÉRMINO DE INDIZACIÓN--NO CONTROLADO
Término no controlado Ecología acuática
653 ## - TÉRMINO DE INDIZACIÓN--NO CONTROLADO
Término no controlado Contaminación
653 ## - TÉRMINO DE INDIZACIÓN--NO CONTROLADO
Término no controlado Medioambiente
942 ## - ELEMENTOS DE ENTRADA SECUNDARIOS (KOHA)
Tipo de ítem Koha Libros
Fuente del sistema de clasificación o colocación Clasificación decimal universal
980 ## - EQUIVALENCIA O REFERENCIA-CRUZADA-MENCIÓN DE SERIE--NOMBRE DE PERSONA/TÍTULO [LOCAL, CANADÁ]
Enlace 3
Nombre de persona Gerardo Ochoa
Enlace entre campo y número de secuencia 3
Información miscelánea Gerardo Ochoa
Holdings
Estatus retirado Estado de pérdida Fuente del sistema de clasificación o colocación Estado de daño No para préstamo Biblioteca de origen Biblioteca actual Fecha de adquisición Número de inventario Total de préstamos Signatura topográfica completa Código de barras Visto por última vez Precio de reemplazo Tipo de ítem Koha
    Clasificación decimal universal     Julio Cortázar Julio Cortázar 04/11/2025 6685   R-07-6685-K88-504.4 6685 04/11/2025 04/11/2025 Libros

Contacto

Biblioteca Julio Cortázar. Escuela Agrotécnica "Libertador San Martín". Universidad Nacional de Rosario
Dirección: Ov. Lagos 1000 - 2170 Casilda - Santa Fe - Argentina
Tel: (54) (03464) 422226.
Fax: (54) (03464) 427789.
E-Mail: biblio-eac@unr.edu.ar